Геохимическая деятельность мерзлоты; Природа; № 7

Detalles Bibliográficos
Parent link:Природа: естественно-научный журнал/ Российская Академия наук.— , 1912-.— 0032-874X
№ 7.— 1975.— С. 64 - 74
Autor Principal: Шварцев С. Л. Степан Львович
Idioma:ruso
Publicado: 1975
Subjects:
Formato: Capítulo de libro
KOHA link:https://koha.lib.tpu.ru/cgi-bin/koha/opac-detail.pl?biblionumber=416541

MARC

LEADER 00000naa2a2200000 4500
001 416541
005 20231101072620.0
035 |a (RuTPU)RU\TPU\prd\73421 
035 |a RU\TPU\tpu\13450 
090 |a 416541 
100 |a 20091229a1975 k y0rusy50 ca 
101 0 |a rus 
102 |a RU 
200 1 |a Геохимическая деятельность мерзлоты  |f С. Л. Шварцев 
461 0 |0 (RuTPU)RU\TPU\prd\304  |x 0032-874X  |t Природа  |o естественно-научный журнал  |f Российская Академия наук  |d 1912- 
463 0 |0 (RuTPU)RU\TPU\prd\72563  |t № 7  |v С. 64 - 74  |d 1975 
610 1 |a труды учёных ТПУ 
700 1 |a Шварцев  |b С. Л.  |c российский гидрогеолог, доктор геолого-минералогических наук  |c профессор Томского политехнического университета, академик РАЕН  |f 1936-  |g Степан Львович  |2 stltpush  |3 (RuTPU)RU\TPU\pers\25914 
801 2 |a RU  |b 63413507  |c 20100414  |g PSBO 
942 |c BK